<?xml version="1.0" encoding="UTF-8"?><?xml-stylesheet type="text/xsl" href="static/style.xsl"?><OAI-PMH xmlns="http://www.openarchives.org/OAI/2.0/" xmlns:xsi="http://www.w3.org/2001/XMLSchema-instance" xsi:schemaLocation="http://www.openarchives.org/OAI/2.0/ http://www.openarchives.org/OAI/2.0/OAI-PMH.xsd"><responseDate>2026-06-05T12:58:46Z</responseDate><request verb="GetRecord" identifier="oai:riuma.uma.es:10630/15917" metadataPrefix="marc">https://riuma.uma.es/rest/oai/request</request><GetRecord><record><header><identifier>oai:riuma.uma.es:10630/15917</identifier><datestamp>2026-02-03T12:02:19Z</datestamp><setSpec>com_10630_2254</setSpec><setSpec>col_10630_37959</setSpec></header><metadata><record xmlns="http://www.loc.gov/MARC21/slim" xmlns:dcterms="http://purl.org/dc/terms/" xmlns:doc="http://www.lyncode.com/xoai" xmlns:xsi="http://www.w3.org/2001/XMLSchema-instance" xsi:schemaLocation="http://www.loc.gov/MARC21/slim http://www.loc.gov/standards/marcxml/schema/MARC21slim.xsd">
   <leader>00925njm 22002777a 4500</leader>
   <datafield ind2=" " ind1=" " tag="042">
      <subfield code="a">dc</subfield>
   </datafield>
   <datafield ind2=" " ind1=" " tag="720">
      <subfield code="a">Llave, César</subfield>
      <subfield code="e">author</subfield>
   </datafield>
   <datafield ind2=" " ind1=" " tag="260">
      <subfield code="c">2018-06-06</subfield>
   </datafield>
   <datafield ind2=" " ind1=" " tag="520">
      <subfield code="a">En este seminario se describen los resultados recientes del grupo de Expresión génica y estrés que dirijo en el Centro de Investigaciones Biológicas de Madrid. El tema presentado ilustra el papel que desempeña el silenciamiento génico en la regulación transcripcional y post-transcripcional del gen BIR1durante las infecciones virales en plantas. BIR1 es un represor del sistema inmune basal, cuyo promotor se activa de forma dependiente de ácido salicílico en las hojas infectadas. Su función es relevante en el control de la muerte celular y las defensas de la planta por lo que su pérdida de función se asocia con un fenotipo de muerte celular y resistencia antiviral. BIR1 se regula por un mecanismo epigenético que implica metilación de DNA. El estado de metilación se ve alterado sin embargo enb respuesta a SA o a virus, lo que sugiere la contribución de factores transcripcionales asociados a la infección. BIR1 presenta un patrón característico de degradación de sus RNA mensajeros en plantas infectadas que refleja la actividad de la maquinaria de silenciamiento génico post-transcripcional. La regulación de BIR1 es fundamental para preservar la homeostasis de la planta ya que tanto la pérdida como la ganancia de función de BIR1 provoca graves fenotipos morfológicos y muerte de la planta. Este efecto es dependiente de dosis lo que sugiere que la planta utiliza el silenciamiento transcripcional y post-transcripcional para mantener sus niveles de expresión dentro de un umbral funcional óptimo, más allá del cual se produce una desregulación generalizada de las defensas de la planta.</subfield>
   </datafield>
   <datafield ind1="8" ind2=" " tag="024">
      <subfield code="a">https://hdl.handle.net/10630/15917</subfield>
   </datafield>
   <datafield tag="653" ind2=" " ind1=" ">
      <subfield code="a">Inactivación génica</subfield>
   </datafield>
   <datafield tag="653" ind2=" " ind1=" ">
      <subfield code="a">Virus fitopatógenos</subfield>
   </datafield>
   <datafield ind2="0" ind1="0" tag="245">
      <subfield code="a">Regulación de la inmunidad en las infecciones virales en plantas</subfield>
   </datafield>
</record>
</metadata></record></GetRecord></OAI-PMH>